000 02754nam0a2200361 4500
001 RU\NLR\BIBL_A\012575171
005 20211117151405.0
010 _a978-5-907335-20-2
_9300
021 _aRU
_bКН-П-21-022147
_9КН-П-21-1726
035 _a(NLR Aleph) 012575171
090 _a12503917
_c12503917
100 _a20210805d2020 u y0rusy50 ca
101 0 _arus
102 _aRU
105 _a |||j|||000zy
181 0 _ai
_baxxe
182 0 _an
200 1 _aВзаимозаменяемость изделий и контроль качества их изготовления
_eучебное пособие
_eдля студентов, обучающихся по направлению подготовки: 44.03.04 - "Профессиональное обучение", квалификация бакалавр
_fВ.В. Шафиков, Р.В. Черкасов
_gМинистерство просвещения Российской Федерации, Федеральное государственное бюджетное образовательное учреждение высшего образования "Липецкий государственный педагогический университет имени П.П. Семенова-Тян-Шанского", Институт естественных, математических и технических наук, Кафедра технологии и технического творчества
203 _aТекст
_bвизуальный
_cнепосредственный
210 _aЛипецк
_cФедеральное государственное бюджетное образовательное учреждение высшего образования "Липецкий государственный педагогический университет имени П.П. Семенова-Тян-Шанского"
_d2020
215 _a66, [1] с.
_cил., табл.
_d21
320 _aБиблиогр.: с. 64-66 (33 назв.)
606 1 _aВзаимозаменяемость (техн.)
_jУчебные издания для высших учебных заведений
_2nlr_sh1
_2nlr_sh2
_3RU\NLR\AUTH\661255272
606 1 _aТехнические измерения
_jУчебные издания для высших учебных заведений
_2nlr_sh1
_2nlr_sh2
_3RU\NLR\AUTH\66425293
686 1 _aЖ.ц9я73-1
686 1 _aЖ10я73-1
700 1 _aШафиков
_bВ. В.
_gВячеслав Вячеславович
701 1 _aЧеркасов
_bР. В.
_gРоман Вячеславович
942 _cBOOK
980 _aNBR
980 _aNB